00616 a2200157 4500020001500000040001300015082001200028100002200040245004600062260004700108300002000155650008500175942002500260999001500285952015800300 a0006165591 aDLCbDLC a823.912 aChristie, Agatha. aThey do it with mirrorscChristie, Agatha aLondon:bHarper Collins Publishers,c1955. a218 p. ;c19 cm a 1.Marple, Jane (Fictitious character) --Fiction.2.Detective and mystery stories cBKk823.912 CHR2ddc c5044d5044 001040708FICaCLbCLcFICd2004-12-16eAllied Book Companyg175.50l3m3o823.912 CHRpSEECS005184q2026-08-26r2026-04-28s2026-04-28w2017-01-05yBK